000 004530000a22001810004500
003 LK-CoMWRAF
005 20230928052156.0
008 230817t ||||| |||| 00| 0 eng d
040 _aLK-CoMWRAF
_dLK-CoMWRAF
_eLK-CoMWRAF
041 _aeng
082 _a294.344
_bBOD
100 _aBodhi, Bhadanta Rahula
245 _aInfluence of Metta Bhavana :
_bIn Daily life
260 _aSri Lanka
300 _a25p
650 _aBuddism--Bhavana
942 _cBK
999 _c956
_d956